Ergonomics at work /

Bibliographic Details
Main Author: Oborne, David J.
Format: Book
Language:English
Published: Chichester [West Sussex] ; New York : Wiley, [1987]
Edition:2nd ed.
Subjects:

MARC

Tag First Indicator Second Indicator Subfields
LEADER 00000cam a2200000 a 4500
001 in00000011436
005 20151007052050.0
008 860905s1987 enka b 00110 eng
010 |a  86024567  
020 |a 0471909432 :  |c $25.00 
020 |a 0471909424 (pbk.) :  |c $15.00 
035 |a (OCoLC)14239617 
035 |9 AAA6118AM 
040 |a DLC  |c DLC  |d TXA  |d UtOrBLW 
049 |a TXAM  |c [A12644524] 
050 0 0 |a TA166  |b .O25 1987 
082 0 |a 620.8/2  |2 19 
100 1 |a Oborne, David J. 
245 1 0 |a Ergonomics at work /  |c David J. Oborne. 
250 |a 2nd ed. 
264 1 |a Chichester [West Sussex] ;  |a New York :  |b Wiley,  |c [1987] 
264 4 |c ©1987 
300 |a xvii, 386 pages :  |b illustrations ;  |c 24 cm. 
336 |a text  |b txt  |2 rdacontent 
337 |a unmediated  |b n  |2 rdamedia 
338 |a volume  |b nc  |2 rdacarrier 
504 |a Bibliography: pages 343-372. 
500 |a Includes indexes. 
650 0 |a Human engineering. 
999 |a MARS 
999 f f |s 63ccd1ff-91f1-339a-9dd9-8c5b8b7724db  |i 7f118cc9-c6bf-3833-91d8-9f8b1b764841  |t 0 
952 f f |p ric  |a Texas A&M University  |b Rellis Campus  |c Joint Library Facility  |d Remote Storage  |t 0  |e TA166 .O25 1987  |h Library of Congress classification  |i unmediated -- volume  |m A14812644524 
998 f f |a TA166 .O25 1987  |t 0  |l Remote Storage